| 000 | 00501nam a22001817a 4500 | ||
|---|---|---|---|
| 005 | 20170720152858.0 | ||
| 010 | _aENG-119303 | ||
| 020 |
_a97893852288371 _c399.00 |
||
| 035 | _aEN-102835 | ||
| 037 | _bDBAD/PUB | ||
| 082 | 0 | 0 | _aN |
| 100 | _aSeth,Pepita | ||
| 245 | 1 | 4 |
_aThe edge of another world / _cby Pepita Seth |
| 260 |
_aNew Delhi _bSpeaking Tiger Publishing _c2015 |
||
| 270 |
_a4381/4,Ansari Road,Daryaganj _bNew Delhi _e110002 |
||
| 300 |
_a400p. _c22cm.(pbk) |
||
| 942 |
_2ddc _cEN _hN _mSET |
||
| 999 |
_c142735 _d142735 |
||